[Event "NAYCC U10 w"]
[Site "Toronto CAN"]
[Date "2013.08.15"]
[Round "2"]
[White "Samadashvili, Martha"]
[Black "Tsypin, Allison"]
[Result "1-0"]
[WhiteElo "1651"]
[BlackElo "1139"]
[PlyCount "109"]
[GameId "2160767909267174"]
[EventDate "2013.08.14"]
[EventType "swiss"]
[EventRounds "9"]
[EventCountry "CAN"]
[SourceTitle "EXT 2022"]
[Source "ChessBase"]
[SourceDate "2021.10.06"]
[SourceVersion "1"]
[SourceVersionDate "2021.10.06"]
[SourceQuality "1"]

1. e4 c5 2. Nf3 d6 3. d4 cxd4 4. Nxd4 Nf6 5. Nc3 g6 6. Be3 Bg7 7. f3 O-O 8. Qd2 Nc6 9. O-O-O Bd7 10. Kb1 a6 11. h4 h5 12. Nxc6 Bxc6 13. Bc4 b5 14. Bb3 b4 15. Na4 a5 16. Nb6 Rb8 17. Qf2 Nd7 18. Na4 Bxa4 19. Bxa4 Nb6 20. Bxb6 Qxb6 21. Qxb6 Rxb6 22. Rd5 Ra8 23. g4 hxg4 24. fxg4 Be5 25. h5 Kg7 26. Rd3 Rc8 27. Rf3 Rb7 28. h6+ Kh7 29. Rxf7+ Kg8 30. Bb3 Kh8 31. g5 Rbc7 32. Rhf1 Rd8 33. Be6 Rb8 34. R1f3 Rd8 35. Rf8+ Rxf8 36. Rxf8+ Kh7 37. Ra8 Rb7 38. Bg8+ Kh8 39. Bd5+ Kh7 40. Bxb7 Bf4 41. Rxa5 Bd2 42. Rb5 Bf4 43. a3 bxa3 44. bxa3 e5 45. a4 Bxg5 46. Rb3 Kxh6 47. a5 Bf4 48. a6 Be3 49. Rxe3 g5 50. a7 Kh5 51. a8=Q Kg4 52. Qf8 Kh4 53. Qh6+ Kg4 54. Qh3+ Kf4 55. Qf3# 1-0

[Event "NAYCC U10 w"]
[Site "Toronto CAN"]
[Date "2013.08.15"]
[Round "2"]
[White "Vittal, Sanjana"]
[Black "Salazar Gould, Melannie"]
[Result "1-0"]
[WhiteElo "1511"]
[BlackElo "1600"]
[PlyCount "101"]
[GameId "2160767909267175"]
[EventDate "2013.08.14"]
[EventType "swiss"]
[EventRounds "9"]
[EventCountry "CAN"]
[SourceTitle "EXT 2022"]
[Source "ChessBase"]
[SourceDate "2021.10.06"]
[SourceVersion "1"]
[SourceVersionDate "2021.10.06"]
[SourceQuality "1"]

1. e4 e6 2. d4 d5 3. Nc3 Nf6 4. Bg5 Be7 5. e5 Nfd7 6. Bxe7 Qxe7 7. f4 c5 8. Nf3 Nc6 9. Be2 O-O 10. O-O Nxd4 11. Nxd4 cxd4 12. Qxd4 Qc5 13. Rad1 Qxd4+ 14. Rxd4 f6 15. Bg4 Re8 16. Nb5 Re7 17. Nc7 Rb8 18. Bxe6+ Kh8 19. Bxd5 Nb6 20. Nb5 Nxd5 21. Rxd5 Be6 22. exf6 gxf6 23. Re1 Rbe8 24. Rd2 Bc4 25. Rxe7 Rxe7 26. Nc3 Re1+ 27. Kf2 Rf1+ 28. Kg3 b5 29. b3 Be6 30. Nxb5 a5 31. Nc3 Re1 32. Re2 Rxe2 33. Nxe2 Kg7 34. c4 Kf7 35. Nd4 Ke7 36. Nxe6 Kxe6 37. Kf3 Kd6 38. Ke4 Kc5 39. a3 Kd6 40. b4 axb4 41. axb4 Kc6 42. Kd4 Kd6 43. b5 Kc7 44. c5 f5 45. Kd5 h5 46. b6+ Kb7 47. Kd6 h4 48. c6+ Kb8 49. c7+ Kc8 50. Kc6 h3 51. b7# 1-0

[Event "NAYCC U10 w"]
[Site "Toronto CAN"]
[Date "2013.08.15"]
[Round "2"]
[White "Zhang, Jeannie"]
[Black "Chen, Carol"]
[Result "0-1"]
[WhiteElo "1468"]
[BlackElo "1118"]
[PlyCount "144"]
[GameId "2160767909267176"]
[EventDate "2013.08.14"]
[EventType "swiss"]
[EventRounds "9"]
[EventCountry "CAN"]
[SourceTitle "EXT 2022"]
[Source "ChessBase"]
[SourceDate "2021.10.06"]
[SourceVersion "1"]
[SourceVersionDate "2021.10.06"]
[SourceQuality "1"]

1. e4 d6 2. d4 Nf6 3. Nc3 g6 4. f4 Bg7 5. Nf3 c5 6. d5 O-O 7. Bc4 a6 8. a4 Ne8 9. Bd2 e5 10. fxe5 dxe5 11. O-O f5 12. Bg5 Qd7 13. d6+ Kh8 14. Be7 Nc6 15. Bxf8 Bxf8 16. exf5 gxf5 17. Ng5 Nxd6 18. Ba2 Qe8 19. Qd5 Qg6 20. Nf7+ Nxf7 21. Qxf7 Qxf7 22. Bxf7 Kg7 23. Bb3 Nd4 24. Rad1 e4 25. Rde1 b5 26. axb5 axb5 27. Ra1 Rxa1 28. Rxa1 c4 29. Ba2 Nxc2 30. Rd1 e3 31. Bb1 Nb4 32. Re1 f4 33. Ne4 Nd3 34. Re2 Bg4 35. Bxd3 cxd3 36. Re1 d2 37. Rf1 e2 38. Nxd2 exf1=Q+ 39. Kxf1 Bb4 40. Nb3 Kf6 41. Nd4 Kg5 42. Nxb5 Kh4 43. Nd4 h5 44. Nc2 Bd6 45. b4 Bf5 46. Nd4 Bd3+ 47. Ke1 Bxb4+ 48. Kd1 Be4 49. Ne2 Bd6 50. Nd4 Be5 51. Ne6 Bxg2 52. Nf8 Be4 53. Ne6 f3 54. h3 Bf6 55. Nf4 Bf5 56. Nd5 Bg5 57. Ke1 Kxh3 58. Kf2 Kh2 59. Ne3 Bxe3+ 60. Kxe3 Kg2 61. Kf4 f2 62. Kg5 f1=Q 63. Kxh5 Bb1 64. Kh4 Qf3 65. Kg5 Qf5+ 66. Kh4 Kf1 67. Kg3 Ke1 68. Kh4 Qg6 69. Kh3 Qg5 70. Kh2 Qg4 71. Kh1 Be4+ 72. Kh2 Qg2# 0-1

[Event "NAYCC U10 w"]
[Site "Toronto CAN"]
[Date "2013.08.15"]
[Round "2"]
[White "Zhang, Taylor"]
[Black "Garai, Antara"]
[Result "1-0"]
[WhiteElo "1387"]
[BlackElo "1523"]
[PlyCount "90"]
[GameId "2160767909267177"]
[EventDate "2013.08.14"]
[EventType "swiss"]
[EventRounds "9"]
[EventCountry "CAN"]
[SourceTitle "EXT 2022"]
[Source "ChessBase"]
[SourceDate "2021.10.06"]
[SourceVersion "1"]
[SourceVersionDate "2021.10.06"]
[SourceQuality "1"]

1. e4 c5 2. Nf3 d6 3. d4 cxd4 4. Nxd4 Nf6 5. Nc3 a6 6. a4 e5 7. Nb3 Be6 8. Be2 Be7 9. Be3 O-O 10. O-O Nbd7 11. f4 Qc7 12. Bf3 Nb6 13. f5 Bd7 14. Nd2 Bc6 15. Qe1 d5 16. a5 d4 17. axb6 Qd8 18. Bf2 dxc3 19. bxc3 Qc8 20. Bg3 Nd7 21. Bg4 f6 22. h4 Bb5 23. Rf3 Nxb6 24. h5 h6 25. Bh4 Rd8 26. Bh3 Na4 27. Nb3 Nc5 28. Nxc5 Bxc5+ 29. Kh2 Be7 30. Qg3 Be8 31. Qg4 Rd6 32. Rg3 Bf8 33. Ra5 Qc6 34. Rd5 Rad8 35. Rxd6 Rxd6 36. Qf3 a5 37. Qe3 Qb6 38. Qxh6 Kf7 39. Qg6+ Ke7 40. Qg4 a4 41. c4 Qc5 42. Rf3 Bd7 43. Bf2 Qxc4 44. Ra3 Kf7 45. Qg6+ Kg8 1-0

[Event "NAYCC U10 w"]
[Site "Toronto CAN"]
[Date "2013.08.15"]
[Round "2"]
[White "Zhao, Chenyi"]
[Black "Bhanji, Zaynah"]
[Result "1-0"]
[WhiteElo "1539"]
[BlackElo "200"]
[PlyCount "35"]
[GameId "2160767909267178"]
[EventDate "2013.08.14"]
[EventType "swiss"]
[EventRounds "9"]
[EventCountry "CAN"]
[SourceTitle "EXT 2022"]
[Source "ChessBase"]
[SourceDate "2021.10.06"]
[SourceVersion "1"]
[SourceVersionDate "2021.10.06"]
[SourceQuality "1"]

1. e4 e5 2. Nf3 Nc6 3. Bc4 Bc5 4. c3 Nf6 5. d4 exd4 6. cxd4 Bb4+ 7. Nc3 Bxc3+ 8. bxc3 O-O 9. e5 Qe8 10. O-O Nh5 11. Ng5 d6 12. Qxh5 h6 13. Nxf7 Be6 14. Bxe6 Qxe6 15. Nxh6+ gxh6 16. Bxh6 Rf5 17. Qg4+ Kh7 18. Qg7# 1-0

[Event "NAYCC U10 w"]
[Site "Toronto CAN"]
[Date "2013.08.15"]
[Round "3"]
[White "Bhanji, Zaynah"]
[Black "Zhang, Jeannie"]
[Result "0-1"]
[WhiteElo "200"]
[BlackElo "1468"]
[PlyCount "88"]
[GameId "2160767909267179"]
[EventDate "2013.08.14"]
[EventType "swiss"]
[EventRounds "9"]
[EventCountry "CAN"]
[SourceTitle "EXT 2022"]
[Source "ChessBase"]
[SourceDate "2021.10.06"]
[SourceVersion "1"]
[SourceVersionDate "2021.10.06"]
[SourceQuality "1"]

1. e4 c5 2. Nf3 Nc6 3. g3 g6 4. Bg2 Bg7 5. d3 d6 6. Nc3 Nf6 7. O-O O-O 8. Bg5 a6 9. Bxf6 Bxf6 10. Nd5 Bxb2 11. Rb1 Bg7 12. Ng5 e6 13. Nb6 Rb8 14. Qd2 Bh6 15. h4 f6 16. Nxc8 Qxc8 17. Qc3 fxg5 18. hxg5 Bxg5 19. Rfe1 Bf6 20. Qd2 Bd4 21. Rf1 Qd7 22. Bh3 Qf7 23. Qf4 Qxf4 24. gxf4 Rxf4 25. Bxe6+ Kg7 26. Bd5 Rff8 27. Bxc6 bxc6 28. Rxb8 Rxb8 29. Re1 Rb2 30. Kf1 Rxc2 31. Re2 Rxe2 32. Kxe2 h6 33. Kf1 g5 34. Kg1 Kf6 35. Kg2 Ke5 36. Kg3 d5 37. Kf3 g4+ 38. Kg3 dxe4 39. dxe4 Kxe4 40. Kh4 Bxf2+ 41. Kh5 g3 42. Kg4 g2 43. Kh3 g1=Q 44. a4 Qg3# 0-1

[Event "NAYCC U10 w"]
[Site "Toronto CAN"]
[Date "2013.08.15"]
[Round "3"]
[White "Chertkow, Sasha"]
[Black "Tsypin, Allison"]
[Result "0-1"]
[WhiteElo "956"]
[BlackElo "1139"]
[PlyCount "90"]
[GameId "2160767909267180"]
[EventDate "2013.08.14"]
[EventType "swiss"]
[EventRounds "9"]
[EventCountry "CAN"]
[SourceTitle "EXT 2022"]
[Source "ChessBase"]
[SourceDate "2021.10.06"]
[SourceVersion "1"]
[SourceVersionDate "2021.10.06"]
[SourceQuality "1"]

1. e4 c5 2. Ne2 d6 3. g3 Nf6 4. Bg2 g6 5. O-O Bg7 6. c3 O-O 7. h3 Nc6 8. d4 cxd4 9. cxd4 Bd7 10. Nbc3 Rc8 11. Be3 a6 12. f4 e5 13. d5 Na5 14. a3 b5 15. Kh2 Nc4 16. Bc1 Qb6 17. Rf3 Na5 18. Be3 Qd8 19. Ra2 Nc4 20. b3 Nxe3 21. Rxe3 Qb6 22. Rd3 Rc5 23. b4 Rc4 24. fxe5 dxe5 25. h4 Ng4+ 26. Kh3 Nf2+ 27. Kh2 Nxd1 28. Rxd1 Bh6 29. d6 Be3 30. Nd5 Qa7 31. Ne7+ Kg7 32. Rd5 Bd4 33. Bf3 Be6 34. Nxd4 Bxd5 35. Nxd5 Rxd4 36. h5 Qd7 37. hxg6 fxg6 38. Bg2 Qxd6 39. Ne3 Rd2 40. Rxd2 Qxd2 41. Ng4 h5 42. Nxe5 Rf2 43. Kh3 Rxg2 44. Nf3 Qf2 45. Ng5 Qxg3# 0-1

[Event "NAYCC U10 w"]
[Site "Toronto CAN"]
[Date "2013.08.15"]
[Round "3"]
[White "Garai, Antara"]
[Black "Kathirkamar, Janani"]
[Result "1/2-1/2"]
[WhiteElo "1523"]
[BlackElo "973"]
[PlyCount "112"]
[GameId "2160767909267181"]
[EventDate "2013.08.14"]
[EventType "swiss"]
[EventRounds "9"]
[EventCountry "CAN"]
[SourceTitle "EXT 2022"]
[Source "ChessBase"]
[SourceDate "2021.10.06"]
[SourceVersion "1"]
[SourceVersionDate "2021.10.06"]
[SourceQuality "1"]

1. e4 e5 2. Nf3 Nc6 3. Bb5 d6 4. O-O Nf6 5. Re1 Be7 6. h3 O-O 7. c3 a6 8. Ba4 b5 9. Bc2 Nh5 10. Nxe5 Nxe5 11. Qxh5 Bh4 12. d4 Ng6 13. Qd1 f5 14. Be3 f4 15. Bc1 f3 16. Re3 fxg2 17. Bb3+ Kh8 18. Rf3 Bd7 19. Be3 Qe7 20. Nd2 Rf6 21. Rxf6 Qxf6 22. Kxg2 Nf4+ 23. Bxf4 Qxf4 24. Qe2 Re8 25. Qe3 Qf6 26. Nf3 Qg6+ 27. Kh2 Bf6 28. Nd2 c5 29. Rg1 cxd4 30. cxd4 Qh5 31. Rg3 Rf8 32. f4 Bh4 33. Rf3 g5 34. fxg5 Rxf3 35. Qxf3 Qxf3 36. Nxf3 Bf2 37. Bd5 Kg7 38. Kg2 Be3 39. h4 h6 40. gxh6+ Bxh6 41. e5 Bf4 42. e6 Be8 43. Bb7 Kf6 44. d5 a5 45. b3 a4 46. Kf2 Kf5 47. Ke2 a3 48. Bc8 Ke4 49. Bd7 Bh5 50. e7 Bxf3+ 51. Kf1 Bh5 52. e8=Q+ Bxe8 53. Bxe8 Kxd5 54. Bxb5 Kc5 55. Bd3 d5 56. Ke2 Kd4 1/2-1/2

[Event "NAYCC U10 w"]
[Site "Toronto CAN"]
[Date "2013.08.15"]
[Round "3"]
[White "Kao, Simona"]
[Black "Qiao, Cindy"]
[Result "1-0"]
[WhiteElo "1085"]
[BlackElo "1110"]
[PlyCount "51"]
[GameId "2160767909267182"]
[EventDate "2013.08.14"]
[EventType "swiss"]
[EventRounds "9"]
[EventCountry "CAN"]
[SourceTitle "EXT 2022"]
[Source "ChessBase"]
[SourceDate "2021.10.06"]
[SourceVersion "1"]
[SourceVersionDate "2021.10.06"]
[SourceQuality "1"]

1. e4 d5 2. exd5 Qxd5 3. Nc3 Qa5 4. d4 Nf6 5. Nf3 Nc6 6. Bb5 Bd7 7. Bg5 O-O-O 8. a3 a6 9. b4 Qb6 10. Bc4 Bg4 11. d5 h6 12. Bxf6 exf6 13. O-O Ne5 14. Be2 Nxf3+ 15. Bxf3 Bxf3 16. Qxf3 Be7 17. Rab1 Qd4 18. Qd3 Qb6 19. b5 axb5 20. Rxb5 Qa6 21. Qh3+ Kb8 22. Rfb1 b6 23. Qg3 Qxa3 24. Rxb6+ Ka8 25. Qxc7 Bd6 26. Qb7# 1-0

[Event "NAYCC U10 w"]
[Site "Toronto CAN"]
[Date "2013.08.15"]
[Round "3"]
[White "Rajsic, Charlotte"]
[Black "Chen, Carol"]
[Result "0-1"]
[WhiteElo "761"]
[BlackElo "1118"]
[PlyCount "44"]
[GameId "2160767909267183"]
[EventDate "2013.08.14"]
[EventType "swiss"]
[EventRounds "9"]
[EventCountry "CAN"]
[SourceTitle "EXT 2022"]
[Source "ChessBase"]
[SourceDate "2021.10.06"]
[SourceVersion "1"]
[SourceVersionDate "2021.10.06"]
[SourceQuality "1"]

1. e4 d6 2. Nf3 Nf6 3. Nc3 g6 4. d3 Bg7 5. Bg5 O-O 6. Be2 h6 7. Be3 Nc6 8. O-O e5 9. Qd2 Ng4 10. h3 Nxe3 11. Qxe3 f5 12. exf5 gxf5 13. Rad1 Nd4 14. Nxd4 exd4 15. Nd5 dxe3 16. fxe3 c6 17. Nf4 Be5 18. Ng6 Rf7 19. d4 Bf6 20. Bh5 Rg7 21. Rf2 Bg5 22. Rdf1 Bxe3 0-1

[Event "NAYCC U10 w"]
[Site "Toronto CAN"]
[Date "2013.08.15"]
[Round "3"]
[White "Salazar Gould, Melannie"]
[Black "Henry, Nadia"]
[Result "1-0"]
[WhiteElo "1600"]
[BlackElo "1009"]
[PlyCount "137"]
[GameId "2160767909267184"]
[EventDate "2013.08.14"]
[EventType "swiss"]
[EventRounds "9"]
[EventCountry "CAN"]
[SourceTitle "EXT 2022"]
[Source "ChessBase"]
[SourceDate "2021.10.06"]
[SourceVersion "1"]
[SourceVersionDate "2021.10.06"]
[SourceQuality "1"]

1. e4 e5 2. Nf3 Nc6 3. d4 exd4 4. Bc4 h6 5. c3 dxc3 6. Nxc3 Bb4 7. Qb3 Qe7 8. Qc2 d6 9. O-O Nf6 10. Nd5 Nxd5 11. exd5 Ne5 12. Nxe5 dxe5 13. a3 Bd6 14. Re1 Bd7 15. Qc3 O-O-O 16. Bf4 Rde8 17. Qa5 a6 18. b4 g5 19. Be3 Ref8 20. b5 Kd8 21. bxa6 bxa6 22. Qxa6 Bc8 23. Qa8 Qd7 24. Rab1 Ke7 25. Bb5 Qf5 26. Rbc1 Bd7 27. Qa4 Ra8 28. Qc4 Ra5 29. Bxd7 Qxd7 30. Bd2 Rxa3 31. Bb4 Ra7 32. Rxe5+ Kd8 33. Bxd6 Qxd6 34. Re3 Re8 35. Rxe8+ Kxe8 36. g3 Qd7 37. Qc6 Qxc6 38. Rxc6 Ra5 39. d6 cxd6 40. Rxd6 h5 41. Kg2 Ke7 42. Rh6 g4 43. h3 Rg5 44. hxg4 hxg4 45. f3 f5 46. f4 Rg7 47. Kf2 Kf7 48. Ke3 Rg6 49. Rxg6 Kxg6 50. Kd4 Kf6 51. Kd5 Kf7 52. Ke5 Kg6 53. Ke6 Kh5 54. Kxf5 Kh6 55. Kxg4 Kg6 56. f5+ Kf6 57. Kf4 Kf7 58. Ke5 Kg7 59. Ke6 Kf8 60. Kf6 Kg8 61. Ke7 Kg7 62. f6+ Kg8 63. f7+ Kg7 64. f8=Q+ Kg6 65. Ke6 Kg5 66. Qf5+ Kh6 67. Qg4 Kh7 68. Kf7 Kh8 69. Qg8# 1-0

[Event "NAYCC U10 w"]
[Site "Toronto CAN"]
[Date "2013.08.15"]
[Round "3"]
[White "Vittal, Sanjana"]
[Black "Samadashvili, Martha"]
[Result "1/2-1/2"]
[WhiteElo "1511"]
[BlackElo "1651"]
[PlyCount "105"]
[GameId "2160767909267185"]
[EventDate "2013.08.14"]
[EventType "swiss"]
[EventRounds "9"]
[EventCountry "CAN"]
[SourceTitle "EXT 2022"]
[Source "ChessBase"]
[SourceDate "2021.10.06"]
[SourceVersion "1"]
[SourceVersionDate "2021.10.06"]
[SourceQuality "1"]

1. e4 c5 2. Nf3 Nc6 3. d4 cxd4 4. Nxd4 Nf6 5. Nc3 e5 6. Nb3 Bb4 7. Bd2 Bxc3 8. Bxc3 Nxe4 9. Qg4 Ng5 10. Qg3 f6 11. Bc4 d5 12. O-O-O d4 13. f4 Qc7 14. Bd2 Ne4 15. Qf3 Nd6 16. Bd5 Nf7 17. fxe5 Ncxe5 18. Rhe1 O-O 19. Qg3 Bf5 20. Be4 Bxe4 21. Rxe4 d3 22. c3 Nd6 23. Ree1 Qd7 24. Bf4 Ndc4 25. Bxe5 Nxe5 26. Nc5 Qg4 27. Qxg4 Nxg4 28. h3 Ne5 29. Nxd3 Rfe8 30. Nxe5 fxe5 31. Rd5 e4 32. Rd4 e3 33. Rd3 e2 34. Rd2 h5 35. Rdxe2 Rxe2 36. Rxe2 Kf7 37. Kd2 Rd8+ 38. Ke3 Re8+ 39. Kf3 Rd8 40. Kf4 Rd5 41. Rf2 Ke6 42. Re2+ Kf6 43. Ke4 Re5+ 44. Kd3 Rd5+ 45. Kc4 Rg5 46. b4 b5+ 47. Kb3 Rg3 48. Rc2 a6 49. a4 h4 50. axb5 axb5 51. Ra2 g5 52. Rc2 Kg6 53. Kb2 1/2-1/2

[Event "NAYCC U10 w"]
[Site "Toronto CAN"]
[Date "2013.08.15"]
[Round "3"]
[White "Zhang, Taylor"]
[Black "Zhao, Chenyi"]
[Result "1-0"]
[WhiteElo "1387"]
[BlackElo "1539"]
[PlyCount "163"]
[GameId "2160767909267186"]
[EventDate "2013.08.14"]
[EventType "swiss"]
[EventRounds "9"]
[EventCountry "CAN"]
[SourceTitle "EXT 2022"]
[Source "ChessBase"]
[SourceDate "2021.10.06"]
[SourceVersion "1"]
[SourceVersionDate "2021.10.06"]
[SourceQuality "1"]

1. e4 c5 2. Nf3 d6 3. d4 cxd4 4. Nxd4 Nf6 5. Nc3 a6 6. a4 e5 7. Nb3 Be6 8. Be2 Be7 9. Be3 O-O 10. O-O d5 11. exd5 Nxd5 12. Nxd5 Bxd5 13. f4 exf4 14. Bxf4 Bxb3 15. cxb3 Nc6 16. Bc4 Bf6 17. Rb1 Qb6+ 18. Kh1 Rad8 19. Qg4 Qd4 20. Qg3 Be5 21. Qf3 Bxf4 22. Qxf4 Qxf4 23. Rxf4 Rd2 24. h3 Ne5 25. Rff1 Rc8 26. Rfe1 Nd3 27. Bxd3 Rxd3 28. Rec1 Rxc1+ 29. Rxc1 g6 30. Rc3 Rd2 31. Rc7 Rxb2 32. Rxb7 f5 33. Kg1 f4 34. Kf1 g5 35. Rb4 h5 36. Kg1 Kf7 37. Rb7+ Kg8 38. Rb4 Re2 39. Rb6 Rb2 40. Rg6+ Kh7 41. Rxg5 Rxb3 42. Rxh5+ Kg6 43. Ra5 Rb6 44. Kf2 Rf6 45. Kf3 Kh6 46. Kg4 Kg6 47. Rg5+ Kh6 48. Rf5 Rg6+ 49. Kxf4 Rxg2 50. Rf6+ Kh5 51. Rxa6 Ra2 52. Ra8 Ra3 53. a5 Kg6 54. a6 Kg7 55. h4 Ra4+ 56. Ke5 Rxh4 57. Kd6 Rb4 58. Kc6 Rb1 59. Kc5 Rb2 60. Kc6 Rb1 61. Rc8 Rc1+ 62. Kb7 Rb1+ 63. Ka7 Ra1 64. Rc6 Kf7 65. Kb7 Ke7 66. a7 Kd7 67. Rb6 Rxa7+ 68. Kxa7 Ke7 69. Rh6 Kd7 70. Kb6 Ke7 71. Kc5 Kd7 72. Ra6 Ke7 73. Kd5 Kf7 74. Ke5 Kg7 75. Kf5 Kf7 76. Ra7+ Ke8 77. Ke6 Kd8 78. Rh7 Kc8 79. Kd6 Kb8 80. Kc6 Ka8 81. Kb6 Kb8 82. Rh8# 1-0

[Event "NAYCC U10 w"]
[Site "Toronto CAN"]
[Date "2013.08.16"]
[Round "4"]
[White "Chen, Carol"]
[Black "Salazar Gould, Melannie"]
[Result "1-0"]
[WhiteElo "1118"]
[BlackElo "1600"]
[PlyCount "77"]
[GameId "2160767909267187"]
[EventDate "2013.08.14"]
[EventType "swiss"]
[EventRounds "9"]
[EventCountry "CAN"]
[SourceTitle "EXT 2022"]
[Source "ChessBase"]
[SourceDate "2021.10.06"]
[SourceVersion "1"]
[SourceVersionDate "2021.10.06"]
[SourceQuality "1"]

1. e4 e6 2. d4 d5 3. e5 c5 4. c3 Nc6 5. Nf3 Bd7 6. Be2 Qb6 7. O-O f6 8. exf6 Nxf6 9. Na3 a6 10. Nc2 Bd6 11. b3 O-O-O 12. Ng5 Rhf8 13. Ba3 h6 14. Nf3 Ne4 15. Bb2 Qc7 16. Qe1 g5 17. b4 cxd4 18. cxd4 g4 19. Nh4 Rg8 20. g3 e5 21. Rc1 Be7 22. Ng2 Ng5 23. Nge3 Nf3+ 24. Bxf3 gxf3 25. Nxd5 Qd6 26. Nxe7+ Qxe7 27. Qe4 Rdf8 28. b5 Bf5 29. Qe3 Bxc2 30. Ba3 Nb4 31. Qc3+ Qc7 32. Qxc7+ Kxc7 33. Bxb4 Rd8 34. Rxc2+ Kb6 35. Bc5+ Kxb5 36. dxe5 Rc8 37. Rb1+ Ka5 38. Rc3 Rxc5 39. Ra3# 1-0

[Event "NAYCC U10 w"]
[Site "Toronto CAN"]
[Date "2013.08.16"]
[Round "4"]
[White "Henry, Nadia"]
[Black "Kathirkamar, Janani"]
[Result "1/2-1/2"]
[WhiteElo "1009"]
[BlackElo "973"]
[PlyCount "129"]
[GameId "2160767909267188"]
[EventDate "2013.08.14"]
[EventType "swiss"]
[EventRounds "9"]
[EventCountry "CAN"]
[SourceTitle "hb 2013"]

1. e4 e5 2. Nf3 Nc6 3. Bb5 d6 4. O-O Nf6 5. d3 Be7 6. c3 O-O 7. Be3 Bg4 8. h3 Bh5 9. Nbd2 a6 10. Ba4 d5 11. exd5 Nxd5 12. Bxc6 bxc6 13. Nc4 Bd6 14. Re1 f5 15. Bg5 Bxf3 16. Bxd8 Bxd1 17. Raxd1 Raxd8 18. Nxe5 Bxe5 19. Rxe5 Nf4 20. Re3 Rfe8 21. d4 c5 22. Rxe8+ Rxe8 23. dxc5 Re2 24. Rd8+ Kf7 25. Rd7+ Kf6 26. Rxc7 Rxb2 27. Ra7 Rxa2 28. c6 Re2 29. Rxa6 Re8 30. c7+ Kg5 31. Rc6 Rc8 32. Kf1 g6 33. c4 Nd3 34. Ke2 Nb4 35. Rc5 Na6 36. Rc6 Nxc7 37. Kf3 Kh6 38. g4 fxg4+ 39. hxg4 Kg7 40. Ke4 Kf8 41. Kd4 Ke8 42. f4 Kd7 43. Rf6 Ke7 44. g5 Ne6+ 45. Ke5 Rc5+ 46. Ke4 h5 47. Rxg6 Rxc4+ 48. Kf3 Rxf4+ 49. Kg3 Rg4+ 50. Kf3 Nxg5+ 51. Ke3 Rg3+ 52. Kf4 h4 53. Rh6 Ne6+ 54. Kf5 Nd4+ 55. Kf4 Ne2+ 56. Ke5 h3 57. Rh7+ Kf8 58. Rh8+ Kg7 59. Rh4 Ng1 60. Kf4 Rg2 61. Ke3 h2 62. Kf4 Kg6 63. Rh8 Rf2+ 64. Kg3 Rf3+ 65. Kxh2 1/2-1/2

[Event "NAYCC U10 w"]
[Site "Toronto CAN"]
[Date "2013.08.16"]
[Round "4"]
[White "Male-Pathiranage, Thisandi"]
[Black "Garai, Antara"]
[Result "0-1"]
[WhiteElo "924"]
[BlackElo "1523"]
[PlyCount "98"]
[GameId "2160767909267189"]
[EventDate "2013.08.14"]
[EventType "swiss"]
[EventRounds "9"]
[EventCountry "CAN"]
[SourceTitle "hb 2013"]

1. e4 c5 2. Nc3 d6 3. d3 Nf6 4. Nf3 e6 5. e5 dxe5 6. Nxe5 Bd6 7. Bf4 a6 8. Be2 Qc7 9. d4 Nc6 10. Bb5 axb5 11. Nxb5 Qa5+ 12. Nc3 Bxe5 13. dxe5 Ne4 14. Qg4 g6 15. O-O Nxc3 16. Qg5 Ne4 17. Qh6 Ne7 18. Rae1 Nf5 19. Qh3 Nd2 20. Bxd2 Qxd2 21. Qb3 Qb4 22. Qd3 O-O 23. a3 Qd4 24. Qh3 b6 25. Qf3 Ba6 26. c3 Qh4 27. Re4 Qe7 28. g4 Bxf1 29. gxf5 exf5 30. Rf4 Qg5+ 31. Kxf1 Rfd8 32. Rc4 Ra7 33. h4 Qh5 34. Qc6 Qd1+ 35. Kg2 Qd5+ 36. Qxd5 Rxd5 37. b4 b5 38. Rf4 c4 39. Rf3 Rxa3 40. h5 Rd3 41. Rf4 Raxc3 42. hxg6 hxg6 43. Rh4 Rd2 44. Rh2 Rcc2 45. e6 Rxf2+ 46. Kg1 Rxh2 47. e7 Rhe2 48. Kf1 Rxe7 49. Kg1 Re1# 0-1

[Event "NAYCC U10 w"]
[Site "Toronto CAN"]
[Date "2013.08.16"]
[Round "4"]
[White "Qiao, Cindy"]
[Black "Bhanji, Zaynah"]
[Result "1-0"]
[WhiteElo "1110"]
[BlackElo "200"]
[PlyCount "39"]
[GameId "2160767909267190"]
[EventDate "2013.08.14"]
[EventType "swiss"]
[EventRounds "9"]
[EventCountry "CAN"]
[SourceTitle "hb 2013"]

1. e4 e5 2. Nf3 Nc6 3. Bc4 Nf6 4. Nc3 Bc5 5. O-O O-O 6. d3 d6 7. h3 Nd4 8. Bg5 h6 9. Bh4 Bb4 10. Nd5 Be6 11. Nxf6+ gxf6 12. c3 Bxc4 13. dxc4 Nxf3+ 14. Qxf3 Bc5 15. Bxf6 Bxf2+ 16. Rxf2 Kh7 17. Bxd8 Rfxd8 18. Qxf7+ Kh8 19. Qg6 Rg8 20. Qxh6# 1-0

[Event "NAYCC U10 w"]
[Site "Toronto CAN"]
[Date "2013.08.16"]
[Round "4"]
[White "Rajsic, Charlotte"]
[Black "Kao, Simona"]
[Result "0-1"]
[WhiteElo "761"]
[BlackElo "1085"]
[PlyCount "60"]
[GameId "2160767909267191"]
[EventDate "2013.08.14"]
[EventType "swiss"]
[EventRounds "9"]
[EventCountry "CAN"]
[SourceTitle "hb 2013"]

1. Nf3 Nc6 2. g3 e5 3. d3 d5 4. Bg2 Nf6 5. O-O Bg4 6. h3 Bh5 7. Bd2 Be7 8. c4 dxc4 9. dxc4 O-O 10. Nc3 h6 11. Qc2 Bg6 12. Qa4 Bh5 13. Be3 a6 14. Rad1 Qb8 15. Rd2 b5 16. cxb5 axb5 17. Qxb5 Qxb5 18. Nxb5 Rxa2 19. Nxc7 Bb4 20. Rc2 Ne7 21. g4 Bg6 22. Nxe5 Bxc2 23. Bd4 Rd8 24. Bb6 Rxb2 25. Na6 Rd1 26. Kh2 Bd6 27. f4 Rxf1 28. Bxf1 Nfd5 29. Nc4 Bxf4+ 30. Kg2 Rb1 0-1

[Event "NAYCC U10 w"]
[Site "Toronto CAN"]
[Date "2013.08.16"]
[Round "4"]
[White "Samadashvili, Martha"]
[Black "Zhang, Taylor"]
[Result "1-0"]
[WhiteElo "1651"]
[BlackElo "1387"]
[PlyCount "71"]
[GameId "2160767909267192"]
[EventDate "2013.08.14"]
[EventType "swiss"]
[EventRounds "9"]
[EventCountry "CAN"]
[SourceTitle "hb 2013"]

1. e4 e6 2. d4 d5 3. e5 c5 4. c3 Nc6 5. Nf3 Qb6 6. a3 a5 7. Bd3 Nh6 8. O-O cxd4 9. cxd4 Nf5 10. Bxf5 exf5 11. Nc3 h6 12. Nxd5 Qd8 13. Nc3 g5 14. d5 Ne7 15. d6 Nc6 16. Nd5 Bg7 17. Nc7+ Kf8 18. Nxa8 g4 19. Ne1 Bxe5 20. Nd3 Bxd6 21. Bf4 Bxf4 22. Nxf4 Qg5 23. Qd6+ Kg7 24. Ne2 h5 25. Qf4 Qg6 26. Rad1 h4 27. Rd6 Be6 28. Nc7 h3 29. Nxe6+ fxe6 30. Rd7+ Kf6 31. Ng3 Qh6 32. Qxh6+ Rxh6 33. gxh3 gxh3 34. f4 Rg6 35. Kh1 b5 36. Nh5# 1-0

[Event "NAYCC U10 w"]
[Site "Toronto CAN"]
[Date "2013.08.16"]
[Round "4"]
[White "Tsypin, Allison"]
[Black "Zhang, Jeannie"]
[Result "1/2-1/2"]
[WhiteElo "1139"]
[BlackElo "1468"]
[PlyCount "102"]
[GameId "2160767909267193"]
[EventDate "2013.08.14"]
[EventType "swiss"]
[EventRounds "9"]
[EventCountry "CAN"]
[SourceTitle "hb 2013"]

1. d4 d5 2. c4 c6 3. Nc3 Nf6 4. Nf3 e6 5. Bg5 Be7 6. e3 Qa5 7. Be2 dxc4 8. Bxc4 h6 9. Bh4 b5 10. Bd3 O-O 11. O-O Nbd7 12. a3 a6 13. b4 Qb6 14. Rc1 Bb7 15. Bxf6 Nxf6 16. Ne4 Nxe4 17. Bxe4 Rac8 18. Ne5 Rfd8 19. Nd3 Bd6 20. Nc5 e5 21. Bf3 Qc7 22. g3 exd4 23. exd4 Be5 24. Qc2 Bxd4 25. Bg4 Ra8 26. Nxb7 Qxb7 27. Qxc6 Qa7 28. Qc7 Bb2 29. Qxa7 Rxa7 30. Rc6 Rd3 31. Bf5 Rd8 32. Bg4 g6 33. Bc8 a5 34. Ba6 Bxa3 35. bxa5 b4 36. Rb6 Rda8 37. Bb7 Rb8 38. a6 Rxa6 39. Rxa6 Rxb7 40. Rb1 Re7 41. Rb6 Re4 42. f3 Re7 43. R6xb4 Bxb4 44. Rxb4 Kg7 45. Re4 Rxe4 46. fxe4 Kf6 47. Kf2 Ke5 48. Ke3 g5 49. g4 Kf6 50. Kd4 Kg6 51. h3 h5 1/2-1/2